Dictionnaire intime de la Bible (notice n° 1567510)
[ vue normale ]
| 000 -LEADER | |
|---|---|
| fixed length control field | 01059cam a2200133 4500500 |
| 005 - DATE AND TIME OF LATEST TRANSACTION | |
| control field | 20251214002821.0 |
| 041 ## - LANGUAGE CODE | |
| Language code of text/sound track or separate title | fre |
| 042 ## - AUTHENTICATION CODE | |
| Authentication code | dc |
| 100 10 - MAIN ENTRY--PERSONAL NAME | |
| Personal name | Malka, Salomon |
| Relator term | author |
| 245 00 - TITLE STATEMENT | |
| Title | Dictionnaire intime de la Bible |
| 260 ## - PUBLICATION, DISTRIBUTION, ETC. | |
| Name of publisher, distributor, etc. | Armand Colin,<br/> |
| Date of publication, distribution, etc. | 2011.<br/> |
| 520 ## - SUMMARY, ETC. | |
| Summary, etc. | Du pain au vin, d’Abraham à Esther, de l’attente à la bénédiction, de la bonté à l’ivresse, de Samson au roi David, de Babel à Qumran, de Job à Jonas, de Maïmonide à Erri de Luca, l’auteur nous convie dans ce dictionnaire intime à une promenade biblique au gré de ses goûts, de ses lectures, de ses rencontres. Les « entrées » sont classées par ordre alphabétique. Ici, un personnage. Là, une exégèse. Là encore, un portrait, une anecdote, un récit… Tous ces thèmes dessinent un parcours où la Bible et la littérature se trouvent célébrées l’une et l’autre comme une passion commune et une intimité partagée. |
| 856 41 - ELECTRONIC LOCATION AND ACCESS | |
| Uniform Resource Identifier | <a href="https://shs.cairn.info/dictionnaire-intime-de-la-bible--9782200249861?lang=fr&redirect-ssocas=7080">https://shs.cairn.info/dictionnaire-intime-de-la-bible--9782200249861?lang=fr&redirect-ssocas=7080</a> |
Pas d'exemplaire disponible.




Réseaux sociaux